A course of analysis. (Record no. 528420)
[ view plain ]
| 000 -LEADER | |
|---|---|
| fixed length control field | 00723cam a22002651 4500 |
| 001 - CONTROL NUMBER | |
| control field | 8899302 |
| 003 - CONTROL NUMBER IDENTIFIER | |
| control field | NUST |
| 005 - DATE AND TIME OF LATEST TRANSACTION | |
| control field | 20190912053530.0 |
| 008 - FIXED-LENGTH DATA ELEMENTS--GENERAL INFORMATION | |
| fixed length control field | 750408s1960 xx 000 0 eng |
| 010 ## - LIBRARY OF CONGRESS CONTROL NUMBER | |
| LC control number | 61002026 |
| 035 ## - SYSTEM CONTROL NUMBER | |
| System control number | (OCoLC)1262334 |
| 038 ## - RECORD CONTENT LICENSOR | |
| Staff Name | MSOHAIL |
| 040 ## - CATALOGING SOURCE | |
| Original cataloging agency | DLC |
| Transcribing agency | TxArU |
| Modifying agency | DLC |
| 042 ## - AUTHENTICATION CODE | |
| Authentication code | premarc |
| 050 00 - LIBRARY OF CONGRESS CALL NUMBER | |
| Classification number | QA300 |
| Item number | .P5 1960 |
| 082 ## - DEWEY DECIMAL CLASSIFICATION NUMBER | |
| Classification number | 517 |
| Author Mark | PHI |
| 100 1# - MAIN ENTRY--PERSONAL NAME | |
| Personal name | Phillips, E. G. |
| Fuller form of name | (Edgar Giraldus) |
| 9 (RLIN) | 20209 |
| 245 02 - TITLE STATEMENT | |
| Title | A course of analysis. |
| 250 ## - EDITION STATEMENT | |
| Edition statement | [Students' ed.] |
| 260 ## - PUBLICATION, DISTRIBUTION, ETC. | |
| Place of publication, distribution, etc. | Cambridge [Eng.] |
| Name of publisher, distributor, etc. | University Press, |
| Date of publication, distribution, etc. | 1962. |
| 300 ## - PHYSICAL DESCRIPTION | |
| Extent | 372 p. |
| Other physical details | illus. |
| Dimensions | 22 cm. |
| 650 #0 - SUBJECT ADDED ENTRY--TOPICAL TERM | |
| Topical term or geographic name entry element | Mathematical analysis. |
| 9 (RLIN) | 198 |
| 906 ## - LOCAL DATA ELEMENT F, LDF (RLIN) | |
| a | 7 |
| b | cbc |
| c | oclcrpl |
| d | u |
| e | ncip |
| f | 19 |
| g | y-gencatlg |
| 942 ## - ADDED ENTRY ELEMENTS (KOHA) | |
| Source of classification or shelving scheme | |
| Koha item type | Book |
| Withdrawn status | Lost status | Source of classification or shelving scheme | Damaged status | Not for loan | Permanent Location | Current Location | Date acquired | Total Checkouts | Full call number | Barcode | Date last seen | Price effective from | Koha item type |
|---|---|---|---|---|---|---|---|---|---|---|---|---|---|
| School of Civil and Environmental Engineering (SCEE) | School of Civil and Environmental Engineering (SCEE) | 09/12/2019 | 517 PHI | NIT-10453 | 09/12/2019 | 09/12/2019 | Book |
